000
00253nam a2200109Ia 4500
005
20251222154433.0
008
251222s9999||||xx |||||||||||||| ||spa||
082
_a
947.08/M87
100
_a
"Moscow, Henry"
245
0
_a
Rusia bajo los Zares
942
_c
LIB
999
_c
36485
_d
36485